Bienvenue au Catalogue en Ligne des Bibliothèques de l'Universite du Burundi

L'implantation des usines (Record no. 54050)

000 -GUIDE
Champ de contrôle de longueur fixe 00762nam a22002297a 4500
003 - IDENTITÉ DU NUMÉRO DE CONTRÔLE
Champ de contrôle BI-BuBU
008 - ÉLÉMENTS DE LONGUEUR FIXE - RENSEIGNEMENTS GÉNÉRAUX
Champ de contrôle de longueur fixe 260622b1964 fr aaaafr|||| 000 0 fre d
037 ## - SOURCE D'ACQUISITION
Numéro d'inventaire 30755
Source d'acquisition et du numéro d'inventaire Fact. AMP. n° 16492 du 28.12.1971 FB 113
039 ## - NIVEAU DE CONTRÔLE BIBLIOGRAPHIQUE ET HISTORIQUE D'ENCODAGE [OBSOLETE]
Date creation 20260622092148.0
Nom catalographe Constance Niyimpa
040 ## - SOURCE DU CATALOGAGE
Organisme qui a effectué le catalogage original BI-BuBU
Code de la langue utilisée dans le catalogage fre
Organisme qui a effectué la transcription BI-BuBU
041 0# - CODE DE LANGUE
Code de langue du texte/de la piste sonore ou du titre distinct fre
080 ## - INDICE DE LA CLASSIFICATION DÉCIMALE UNIVERSELLE (CDU)
Indice de la Classification décimale universelle 658.21
100 1# - VEDETTE PRINCIPALE - NOM DE PERSONNE
Code de relation aut.
Nom de personne Allusson, R.
245 12 - MENTION DU TITRE
Titre L'implantation des usines
Reste du titre questions générales à résoudre
Mention de responsabilité, etc. R. Allusson.
250 ## - MENTION D'ÉDITION
Mention d'édition 3e éd.
Reste de la mention d'édition revue et augmentée
260 ## - PUBLICATION, DIFFUSION, ETC. (ADRESSE BIBLIOGRAPHIQUE)
Lieu de publication, diffusion, etc. Paris
Nom de l'éditeur, diffuseur, etc. Entreprise Moderne d'Edition
Date of publication, distribution, etc 1964
300 ## - DESCRIPTION MATÉRIELLE
Collation 99 p.
Autres caractéristiques matérielles couv.ill.en coul.
Dimensions 21 cm.
650 #7 - VEDETTE-MATIÈRE - NOM COMMUN
Source du terme BI-BuBU
Vedette de sujet ou vedette comportant un nom géographique Usine
Subdivision générale Implantation
650 #7 - VEDETTE-MATIÈRE - NOM COMMUN
Source du terme BI-BuBU
Vedette de sujet ou vedette comportant un nom géographique Entreprise
Subdivision générale Usine
-- Implantation
655 #7 - TERME D'INDEXATION - GENRE OU FORME
Source du terme BI-BuBU
Données ou terme dominant sur le genre ou la forme Book
942 ## - ÉLÉMENTS D'ENTRÉE ADDITIONNELLE (KOHA)
Source de la classification ou du système de rangement
Type d item koha BOOK
Holdings
Statut de retrait Statut de perte Source de la classification ou du système de rangement Statut de déterioration Exclu du prêt Numéro d item Koha Localisation permanente Localisation actuelle Date d'acquisition Source d'acquisition Nombre de prêts Cote Code-barres Date last seen Prix / coût de remplacement Prix en vigueur à partir du Type d item koha Numero d'inventaire
          85914 Bibliothèque de la Faculté des Sciences Économiques et Administratives Bibliothèque de la Faculté des Sciences Économiques et Administratives 22/06/2026 Achat   658.21 ALL. 5010000692001 22/06/2026 0.00 22/06/2026 BOOK 30755
© 2019-2026 - Bibliothèques de l'Université du Burundi |Tous droits réservés
home | Pour toute information urgente Contactez nous | tel whatsupp: +25779204313